000 00352 a2200121 4500
001 ART_16152
005 20260410161700.0
008 260409a
245 1 0 _a¿Colchones contables o de liquidez?
100 1 _aBalzarotti, Verónica
700 1 _aAnastasi, Alejandra
773 0 _tEnsayos Económicos
_g- Nº 67 (dic. 2012)
_wREV620
999 _c15104
_d15104